Lituma en los Andes / (Registro nro. 10809)

Detalles MARC
000 -LIDER
fixed length control field 01100cam a2200373 i 4500
001 - NÚMERO DE CONTROL
Identificador de número de control 0000518
003 - IDENTIFICACDOR DE NÚMERO DE CONTROL
control field DO-SdBNP
005 - DATE AND TIME OF LATEST TRANSACTION
control field 20180213141419.0
007 - CAMPOS FIJOS DE DESCRIPCIÓN FÍSICA
fixed length control field 0000518
008 - ELEMENTOS DE LONGITUD FIJA
fixed length control field 100514s2001 sp 000 f fpspa
015 ## - NÚMERO DENTRO DE LA BIBLIOGRAFÍA NACIONAL
National bibliography number
017 ## - NÚMERO DE REGISTRO DE DERECHOS DE AUTOR
Copyright or legal deposit number
Assigning agency
020 ## - ISBN
International Standard Book Number 8481312635
035 ## - NÚMERO LOCAL
System control number
040 ## - FUENTE DE CATALOGACIÓN
Agencia que crea de manera original el registro BPMSU
Idioma de catalogación spa
Agencia que realiza la transcripción BPMSU
Convenciones de la despripción
080 ## - NÚMERO DE CLASIFICACIÓN DECIMAL UNIVERSAL
Universal Decimal Classification number
082 ## - NÚMERO DE CLASIFICACIÓN DECIMAL DE DEWEY
Classification number Pe863.44
Item number V297L
100 1# - ASIENTO PRINCIPAL -- NOMBRE PERSONAL
Nombre personal Vargas Llosa, Mario
Fechas asociadas con el nombre 1936-
245 10 - MENCIÓN DE TITULO
Título Lituma en los Andes /
Medio (Designación general de material)
Mención de responsabilidad Mario Vargas Llosa ; prólogo Fernando R. Lafuente
260 ## - PUBLICACIÓN, DISTRIBUCIÓN, ETC. (PIE DE IMPRENTA)
Lugar de publicación, distribución, etc [Barcelona] :
Nombre del editor, distribuidor, etc. Bibliotex,
Fecha de publicación, distribución, etc 2001.
300 ## - DESCRIPCIÓN FÍSICA
Extensión 221 p.:
Dimensiones 22 cm
490 ## - MENCIÓN DE SERIES
Mención de serie Las mejores novelas en castellano del siglo XX
Volume/sequential designation 20
490 ## - MENCIÓN DE SERIES
Mención de serie Biblioteca el mundo
500 ## - NOTA GENERAL
Nota general Incluye datos biográficos del autor en la solapa.
586 ## - AWARDS NOTE
Awards note Premio Planeta 1993
650 ## - ENCABEZAMIENTO DE MATERIA--TEMÁTICO
Término temático o nombre geográfico como elemento de entrada NOVELA PERUANA
650 #4 - ENCABEZAMIENTO DE MATERIA--TEMÁTICO
Término temático o nombre geográfico como elemento de entrada LITERATURA PERUANA
700 12 - ASIENTO SECUNDARIO -- NOMBRE PERSONAL
Nombre personal Lafuente, Fernando R.
Mención de responsabilidad pról.
830 ## - ASIENTO SECUNDARIO DE SERIE--TÍTULO UNIFORME
Título uniforme Las mejores novelas en castellano del siglo XX
Número de la parte o sección de una obra 20
830 ## - ASIENTO SECUNDARIO DE SERIE--TÍTULO UNIFORME
Título uniforme Biblioteca el mundo
942 ## - ADDED ENTRY ELEMENTS (KOHA)
Source of classification or shelving scheme Dewey Decimal Classification
Koha item type Libros
945 ## - INFORMACIÓN DE PROCESAMIENTO LOCAL
Información de procesamiento local Inventariado, 2018/ YL
956 ## - LOCAL ELECTRONIC LOCATION AND ACCESS (OCLC)
Nombre de host YLOCKWARD
Número de acceso 10
Información de compresión BPMSU
Existencias
Withdrawn status Lost status Source of classification or shelving scheme Damaged status Not for loan Collection code Home library Current library Date acquired Source of acquisition Total Checkouts Full call number Barcode Date last seen Price effective from Koha item type
    Dewey Decimal Classification     Colección General Biblioteca Pública Metropolitana Salomé Ureña Biblioteca Pública Metropolitana Salomé Ureña 07/11/2016 Donación-FUNDI   Pe863.44 V297L BPMSU16070345 07/11/2016 07/11/2016 Libros